Johnny Depp Movies: Multiple Choice - Statistics

General Stats
  • This quiz has been taken 1,384 times
  • The average score is 11 of 15
Answer Stats
Question Answer % Correct
Which one? Pirates of the Caribbean: The Curse of the Black Pearl
100%
Which one? Edward Scissorhands
98%
Which one? Sweeney Todd: The Demon Barber of Fleet Street
92%
Which one? Alice in Wonderland
90%
Which one? Sleepy Hollow
85%
Which one? Rango
84%
Which one? The Lone Ranger
79%
Which one? Blow
75%
Which one? Public Enemies
72%
Which one? Ed Wood
67%
Which one? Chocolat
66%
Which one? A Nightmare on Elm Street
60%
Which one? Fear and Loathing in Las Vegas
60%
Which one? Black Mass
43%
Which one? Platoon
35%
No matching quizzes found
Score Distribution
Percent of People with Each Score
Percentile by Number Answered
Your Score History
You have not taken this quiz